000 00725cam a22002413a 4500
001 320
003 PGUSA
005 20140828082946.0
008 950901s1995||||xxu|||||s|||||000 1 eng d
040 _aPGUSA
_beng
042 _adc
050 4 _aPQ
245 1 0 _aVida De Lazarillo De Tormes Y De Sus Fortunas Y Adversidades
_h[electronic resource] /
_cAnonymous
260 _bProject Gutenberg,
_c1995
506 _aPublic domain in the USA.
516 _aElectronic text
653 _aSpain -- Social conditions -- 16th century -- Fiction
653 _aPicaresque literature, Spanish
653 _aSpanish fiction
830 0 _aProject Gutenberg
_v320
856 4 0 _uhttp://www.gutenberg.org/ebooks/320
942 _cEB
999 _c229671
_d229671